| 000 | 00551nam a2200169Ia 4500 | ||
|---|---|---|---|
| 008 | 151213s9999 xx 000 0 und d | ||
| 020 | _a9840748073 | ||
| 100 | _aবাংলা একাডেমী। | ||
| 245 |
_aবাংলা অভিধান। _cবাংলা একাডেমী। |
||
| 250 | _a২য় সং | ||
| 260 |
_aঢাকা _bবাংলা একাডেমী। _c1992 |
||
| 300 | _a8504 p. | ||
| 650 | _aDictionary | ||
| 650 | _aReference | ||
| 700 | _aবাংলা একাডেমী। | ||
| 999 |
_c4341 _d4341 |
||